Célébrités décédées en 2021 - Statistiques

Statistiques générales
  • Ce quiz a été pris 182 fois
  • Le résultat moyen est 5 sur 20
Statistiques - réponses
Par images Hint Réponse % Correct
Animateur français (28 décembre) Grichka Bogdanoff
90%
Homme d'affaire français (3 octobre) Bernard Tapie
83%
Acteur français (18 janvier) Jean-Pierre Bacri
68%
Chanteur suisse (1er avril) Patrick Juvet
41%
Danseur français (5 mars) Patrick Dupond
39%
Humoriste français (22 juillet Jean-Yves Lafesse
32%
Chanteur français (16 février) Tonton David
25%
Dessinateur de BD français (24 janvier) Marcel Uderzo
20%
Pilote français (10 janvier) Hubert Auriol
15%
Duc d'Édimbourg (9 avril) Philip Mountbatten
15%
Astronaute américain (28 avril) Michael Collins
11%
Réalisateur français (25 mars) Bertrand Tavernier
10%
Actrice américaine (16 avril) Helen McCrory
10%
Acteur français (27 juillet) Jean-François Stévenin
10%
Cycliste français Robert Marchand
10%
Essayiste français (4 décembre) Pierre Rabhi
7%
Politicien français (7 mars) Olivier Dassault
6%
Actrice américaine (31 décembre) Betty White
4%
Musicien américain (27 juillet) Dusty Hill
4%
Acteur américain (11 mai) Norman Lloyd
0%
Aucun quiz correspondant
Distribution des résultats
% des personnes avec chaque résultat
Percentile par nombre de réponses
Votre historique - résultats
Vous n’avez pas pris ce quiz